<?xml version="1.0" encoding="UTF-8"?>
<record
    xmlns:xsi="http://www.w3.org/2001/XMLSchema-instance"
    xsi:schemaLocation="http://www.loc.gov/MARC21/slim http://www.loc.gov/standards/marcxml/schema/MARC21slim.xsd"
    xmlns="http://www.loc.gov/MARC21/slim">

  <leader>00820nam a2200253 a 4500</leader>
  <controlfield tag="005">20191224041527.0</controlfield>
  <controlfield tag="008">140220b1995    ck |||||rm||| 00| 0 spa d</controlfield>
  <datafield tag="040" ind1=" " ind2=" ">
    <subfield code="a">CO-BoIAVH</subfield>
    <subfield code="c">CO-BoIAVH</subfield>
  </datafield>
  <datafield tag="041" ind1=" " ind2=" ">
    <subfield code="a">spa</subfield>
  </datafield>
  <datafield tag="044" ind1=" " ind2=" ">
    <subfield code="a">ck</subfield>
  </datafield>
  <datafield tag="090" ind1=" " ind2=" ">
    <subfield code="a">TE</subfield>
    <subfield code="b">0064</subfield>
  </datafield>
  <datafield tag="100" ind1=" " ind2=" ">
    <subfield code="a">Ospina Ante, Omaira</subfield>
  </datafield>
  <datafield tag="245" ind1=" " ind2=" ">
    <subfield code="a">Estudio comparativo de la comunidad de murci&#xE9;lagos en la Reserva Natural La Planada (Nari&#xF1;o)</subfield>
    <subfield code="b">informe final</subfield>
  </datafield>
  <datafield tag="260" ind1=" " ind2=" ">
    <subfield code="a">Cali</subfield>
    <subfield code="b">Programa de Becas de Investigaci&#xF3;n para la Conservaci&#xF3;n</subfield>
    <subfield code="c">1995</subfield>
  </datafield>
  <datafield tag="300" ind1=" " ind2=" ">
    <subfield code="a">80 p.</subfield>
  </datafield>
  <datafield tag="650" ind1=" " ind2=" ">
    <subfield code="a">Ecolog&#xED;a de comunidades</subfield>
  </datafield>
  <datafield tag="650" ind1=" " ind2=" ">
    <subfield code="a">Chiroptera</subfield>
  </datafield>
  <datafield tag="650" ind1=" " ind2=" ">
    <subfield code="a">Murci&#xE9;lagos</subfield>
  </datafield>
  <datafield tag="650" ind1=" " ind2=" ">
    <subfield code="a">Inventarios</subfield>
  </datafield>
  <datafield tag="650" ind1=" " ind2=" ">
    <subfield code="a">Conocimiento tradicional</subfield>
  </datafield>
  <datafield tag="662" ind1=" " ind2=" ">
    <subfield code="a">Colombia</subfield>
    <subfield code="b">Nari&#xF1;o</subfield>
  </datafield>
  <datafield tag="700" ind1=" " ind2=" ">
    <subfield code="a">G&#xF3;mez Bernal, Luis Germ&#xE1;n</subfield>
  </datafield>
  <datafield tag="942" ind1=" " ind2=" ">
    <subfield code="c">TESIS</subfield>
    <subfield code="2">z</subfield>
    <subfield code="0">1</subfield>
  </datafield>
  <datafield tag="999" ind1=" " ind2=" ">
    <subfield code="c">391</subfield>
    <subfield code="d">391</subfield>
  </datafield>
  <datafield tag="952" ind1=" " ind2=" ">
    <subfield code="0">0</subfield>
    <subfield code="1">0</subfield>
    <subfield code="2">z</subfield>
    <subfield code="4">0</subfield>
    <subfield code="7">0</subfield>
    <subfield code="8">TESIS</subfield>
    <subfield code="I">INV2017</subfield>
    <subfield code="a">Bogota</subfield>
    <subfield code="b">Bogota</subfield>
    <subfield code="d">1998-02-01</subfield>
    <subfield code="e">WCS</subfield>
    <subfield code="l">1</subfield>
    <subfield code="o">TE-0064</subfield>
    <subfield code="p">000542</subfield>
    <subfield code="r">2017-08-10 00:00:00</subfield>
    <subfield code="s">2017-08-10</subfield>
    <subfield code="t">Ej. 1</subfield>
    <subfield code="w">2012-12-04</subfield>
    <subfield code="x">Donacion</subfield>
    <subfield code="y">TESIS</subfield>
  </datafield>
</record>
